Quick Pick: 'M' Countries Quiz Stats

Quiz Updated Sep 27, 2017

Challenge
Share
Tweet
Embed
Score 0/18 Timer 01:30
1 Play Today
% Correct
Mexico
94.7%
Monaco
92.5%
Malaysia
84.5%
Morocco
72.9%
Mongolia
72.6%
Malta
67.9%
Macedonia
63.9%
Moldova
62.2%
Montenegro
59.7%
% Correct
Madagascar
53.6%
Malawi
50.7%
Maldives
48.5%
Myanmar
47.2%
Mali
44.3%
Mozambique
42.3%
Mauritius
40%
Mauritania
38.4%
Marshall Islands
33.4%

Today's Daily Dose

You're not logged in!

Compare scores with friends on all Sporcle quizzes.
Sign Up with Email
OR
Log In

You Might Also Like...

Show Comments

Extras

Top Quizzes Today


Score Distribution

Your Account Isn't Verified!

In order to create a playlist on Sporcle, you need to verify the email address you used during registration. Go to your Sporcle Settings to finish the process.